Statistics for Taylor Swift - Forever & Always Lyrics

Click here to take the quiz!

General Stats

  • This quiz has been taken 78 times
  • The average score is 378 of 405

Answer Stats

Answer% Correct
a
100%
I
100%
It
100%
it
100%
was
100%
Was
100%
and
98%
And
98%
for
98%
is
98%
me
98%
so
98%
So
98%
to
98%
we
98%
when
98%
You
98%
you
98%
always"
96%
"Forever
96%
in
96%
not
96%
the
96%
your
96%
you're
96%
at
94%
baby
94%
Baby
94%
called
94%
can't
94%
'Cause
94%
he
94%
nothing
94%
now
94%
of
94%
said
94%
then
94%
too
94%
up
94%
Where
94%
all
92%
Did
92%
eye
92%
feel
92%
flashback
92%
i'm
92%
looked
92%
loved
92%
Oh
92%
out
92%
phone
92%
something
92%
still
92%
Were
92%
don't
91%
hasn't
91%
here
91%
into
91%
just
91%
Once
91%
say
91%
This
91%
this
91%
time
91%
told
91%
Tuesday
91%
upon
91%
what
91%
believe
89%
caught
89%
everything?
89%
everything
89%
stare
89%
sure
89%
there
89%
think
89%
Thought
89%
anymore
87%
Back
87%
back
87%
but
87%
door
87%
down
87%
eyes
87%
gone
87%
happened?
87%
honest
87%
kidding?
87%
like
87%
onto
87%
Please
87%
tell
87%
wrong
87%
Yeah
87%
bedroom
85%
didn't
85%
forget
85%
made
85%
mean
85%
one
85%
rains
85%
run
85%
second
85%
seems
85%
way
85%
almost
83%
boy?
83%
breaking
83%
going?
83%
halfway
83%
Here's
83%
here's
83%
hide
83%
line?
83%
little
83%
low
83%
never
83%
scared
83%
speak
83%
knew
81%
that
81%
thing
81%
welcome
81%
minute
79%
night
79%
perfect
79%
silence
79%
core
77%
coming
75%
hold
75%
cuts
74%

Score Distribution

Percentile by Number Answered

Percent of People with Each Score

Your Score History

You have not taken this quiz